BIBLIOTECA PODER JUDICIAL
Portal Judicial TDF

Algunas reflexiones sobre el monto máximo como límite en materia de fianza general / (Registro nro. 6366)

000 -LEADER
fixed length control field 01563nab a22002657a 4500
003 - CONTROL NUMBER IDENTIFIER
control field OSt
005 - DATE AND TIME OF LATEST TRANSACTION
control field 20260131204506.0
008 - FIXED-LENGTH DATA ELEMENTS--GENERAL INFORMATION
fixed length control field 190603e xxum|||| |||| 00| 0 spa d
040 ## - CATALOGING SOURCE
Transcribing agency PJ
100 ## - MAIN ENTRY--PERSONAL NAME
9 (RLIN) 5577
Personal name Cafferata, Juan Manuel
245 10 - TITLE STATEMENT
Title Algunas reflexiones sobre el monto máximo como límite en materia de fianza general /
Statement of responsibility, etc Juan Manuel Cafferata.
260 ## - PUBLICATION, DISTRIBUTION, ETC. (IMPRINT)
Date of publication, distribution, etc Ciudad Autónoma de Buenos Aires :
Place of publication, distribution, etc Thomson Reuters La Ley,
Name of publisher, distributor, etc 2025.
300 ## - PHYSICAL DESCRIPTION
Extent p. 238-245
500 ## - GENERAL NOTE
General note Cita: TR LALEY AR/DOC/2863/2025 <br/>Publicado en: RCCyC 2025 (Diciembre).
505 ## - FORMATTED CONTENTS NOTE
Formatted contents note Sumario: I. La fianza general.— II. El monto máximo.— III. La determinación del monto máximo.— IV. ¿Puede fijarse el monto máximo en moneda extranjera?— V. Alcance del monto máximo.— VI. La cuestión de las costas.— VII. El límite de responsabilidad y la imputación del pago.— VIII. Aplicación de oficio del monto máximo.— IX. Carácter de la exigencia legal.— X. Sanción.— XI. Carácter de la nulidad.— XII. El problema del cómputo del plazo de prescripción de la nulidad.
505 ## - FORMATTED CONTENTS NOTE
Title ¿Te interesa el texto completo? Solicitalo al correo: koha@justierradelfuego.gov.ar
650 #0 - SUBJECT ADDED ENTRY--TOPICAL TERM
Topical term or geographic name as entry element CONTRATOS
9 (RLIN) 3463
650 #0 - SUBJECT ADDED ENTRY--TOPICAL TERM
Topical term or geographic name as entry element FIANZA
9 (RLIN) 1929
650 #0 - SUBJECT ADDED ENTRY--TOPICAL TERM
Topical term or geographic name as entry element MONEDA EXTRANJERA
9 (RLIN) 3470
650 #0 - SUBJECT ADDED ENTRY--TOPICAL TERM
Topical term or geographic name as entry element LIQUIDACION DE INTERESES
650 #0 - SUBJECT ADDED ENTRY--TOPICAL TERM
Topical term or geographic name as entry element EXPRESIÓN DE AGRAVIOS
9 (RLIN) 4129
650 #0 - SUBJECT ADDED ENTRY--TOPICAL TERM
Topical term or geographic name as entry element COSTAS
9 (RLIN) 2533
773 0# - HOST ITEM ENTRY
Host Biblionumber 2713
Host Itemnumber 3170
Place, publisher, and date of publication Ciudad Autónoma de Buenos Aires : Thomson Reuters La Ley, 2015-
Title Revista Código Civil y Comercial. Nº 6 - Diciembre 2025
942 ## - ADDED ENTRY ELEMENTS (KOHA)
Source of classification or shelving scheme
Koha item type Analítica Artículo de Revista

No hay ítems disponibles.

12 de Octubre 789 Ushuaia - Tel:  54(02901)441571
Horario de Atención: 8.00 a 17.00 hs. 
bibliotecaush@justierradelfuego.gov.ar
koha@justierradelfuego.gov.ar
Seguinos en nuestras redes @bibliojustdf 

Con tecnología Koha